Disciplines of the Spiritual Life (Record no. 4456)

MARC details
000 -LEADER
fixed length control field 00573nam a2200241 a 4500
020 ## - INTERNATIONAL STANDARD BOOK NUMBER
ISBN
082 00 - DEWEY DECIMAL CLASSIFICATION NUMBER
Classification number 242
Author Cutter HAY
100 ## - MAIN ENTRY--AUTHOR NAME
Author name Hayman, Eric
245 ## - TITLE STATEMENT
Title Disciplines of the Spiritual Life
260 ## - PUBLICATION, DISTRIBUTION, ETC. (IMPRINT)
Place of publication London
Name of publisher Spck
Year of publication 1957
300 ## - PHYSICAL DESCRIPTION
Number of Pages 59p
500 ## - GENERAL NOTE
General note includes index and biblioraphy
505 2# - FORMATTED CONTENTS NOTE
Formatted contents note Index and Maps
650 ## - SUBJECT ADDED ENTRY--TOPICAL TERM
Topical Term Meditation-Christianity
942 ## - ADDED ENTRY ELEMENTS (KOHA)
Koha item type Books
700 1# -
-- Hayman, Eric
Holdings
Collection code Home library Current library Date acquired Cost, normal purchase price Full call number Accession Number Koha item type
  Henry Martyn Institute Library Henry Martyn Institute Library 06/29/2007 100.00 242 HAY 07247 Books
                   Copyright © 2026 | Henry Martyn Institute | Hyderabad | TS-500052 | INDIA | Implemented by hmi.edu.in
Hit-Count:

Powered by Koha